Znajdź zagadkowe państwo po strzałkach - Statystyki

Ogólne statystyki
  • Ten quiz został rozwiązany 5 451 razy
  • Średni wynik to 152 z 196
Odpowiedzi na mapie
Odpowiedzi zakodowano w zielono-czerwonej skali na mapie do tego quizu, zgodnie z poniższymi procentami.
 
Statystyki odpowiedzi
Państwo % Poprawnych
Polska
97%
Rosja
91%
Ukraina
88%
Niemcy
85%
Słowacja
85%
Białoruś
84%
Czechy
84%
Stany Zjednoczone
84%
Litwa
83%
Węgry
83%
Łotwa
82%
Rumunia
82%
Austria
81%
Chiny
81%
Estonia
81%
Francja
81%
Grecja
81%
Słowenia
81%
Turcja
81%
Bułgaria
80%
Kanada
80%
Serbia
80%
Szwecja
80%
Włochy
80%
Albania
79%
Australia
79%
Brazylia
79%
Chorwacja
79%
Dania
79%
Egipt
79%
Finlandia
79%
Gruzja
79%
Hiszpania
79%
Holandia
79%
Indie
79%
Iran
79%
Izrael
79%
Japonia
79%
Kazachstan
79%
Kosowo
79%
Meksyk
79%
Mongolia
79%
Norwegia
79%
Andora
78%
Arabia Saudyjska
78%
Argentyna
78%
Armenia
78%
Azerbejdżan
78%
Belgia
78%
Bośnia i Hercegowina
78%
Cypr
78%
Czarnogóra
78%
Irak
78%
Irlandia
78%
Jordania
78%
Liban
78%
Macedonia Północna
78%
Malta
78%
Monako
78%
Pakistan
78%
Portugalia
78%
Republika Południowej Afryki
78%
Szwajcaria
78%
Watykan
78%
Wielka Brytania
78%
Afganistan
77%
Algieria
77%
Bahrajn
77%
Bangladesz
77%
Bhutan
77%
Boliwia
77%
Chile
77%
Czad
77%
Demokratyczna Republika Konga
77%
Dominika
77%
Dominikana
77%
Ekwador
77%
Fidżi
77%
Filipiny
77%
Haiti
77%
Indonezja
77%
Islandia
77%
Jamajka
77%
Jemen
77%
Kamerun
77%
Katar
77%
Kenia
77%
Kirgistan
77%
Kolumbia
77%
Kongo
77%
Korea Północna
77%
Korea Południowa
77%
Kostaryka
77%
Kuba
77%
Kuwejt
77%
Laos
77%
Libia
77%
Liechtenstein
77%
Luksemburg
77%
Madagaskar
77%
Malediwy
77%
Maroko
77%
Mikronezja
77%
Nepal
77%
Niger
77%
Nigeria
77%
Nowa Zelandia
77%
Oman
77%
Palau
77%
Panama
77%
Papua-Nowa Gwinea
77%
Paragwaj
77%
Peru
77%
San Marino
77%
Senegal
77%
Sri Lanka
77%
Sudan
77%
Surinam
77%
Syria
77%
Tadżykistan
77%
Tajwan
77%
Tunezja
77%
Turkmenistan
77%
Tuvalu
77%
Urugwaj
77%
Uzbekistan
77%
Wenezuela
77%
Wietnam
77%
Zjednoczone Emiraty Arabskie
77%
Angola
76%
Antigua i Barbuda
76%
Bahamy
76%
Barbados
76%
Belize
76%
Benin
76%
Botswana
76%
Brunei
76%
Burkina Faso
76%
Burundi
76%
Dżibuti
76%
Erytrea
76%
Eswatini
76%
Etiopia
76%
Gabon
76%
Gambia
76%
Ghana
76%
Grenada
76%
Gujana
76%
Gwatemala
76%
Gwinea
76%
Gwinea Bissau
76%
Gwinea Równikowa
76%
Honduras
76%
Kambodża
76%
Kiribati
76%
Komory
76%
Lesotho
76%
Liberia
76%
Malawi
76%
Malezja
76%
Mali
76%
Mauretania
76%
Mauritius
76%
Mjanma
76%
Mołdawia
76%
Mozambik
76%
Namibia
76%
Nauru
76%
Nikaragua
76%
Republika Środkowoafrykańska
76%
Republika Zielonego Przylądka
76%
Rwanda
76%
Saint Kitts i Nevis
76%
Saint Lucia
76%
Saint Vincent i Grenadyny
76%
Salwador
76%
Samoa
76%
Seszele
76%
Sierra Leone
76%
Singapur
76%
Somalia
76%
Sudan Południowy
76%
Tajlandia
76%
Tanzania
76%
Timor Wschodni
76%
Togo
76%
Tonga
76%
Trynidad i Tobago
76%
Uganda
76%
Vanuatu
76%
Wybrzeże Kości Słoniowej
76%
Wyspy Marshalla
76%
Wyspy Salomona
76%
Wyspy Świętego Tomasza i Książeca
76%
Zambia
76%
Zimbabwe
76%
Nie znaleziono quizów pasujących do podanych kryteriów
Rozkład punktacji
Procent ludzi z każdym wynikiem
Percentyl według liczby udzielonych odpowiedzi
Twoja historia wyników
Nie rozwiązałeś tego quizu